<?xml version="1.0" encoding="UTF-8"?>
<record
    xmlns:xsi="http://www.w3.org/2001/XMLSchema-instance"
    xsi:schemaLocation="http://www.loc.gov/MARC21/slim http://www.loc.gov/standards/marcxml/schema/MARC21slim.xsd"
    xmlns="http://www.loc.gov/MARC21/slim">

  <leader>03915nam a2200325 a 4500</leader>
  <controlfield tag="003">OSt</controlfield>
  <controlfield tag="005">20240909110356.0</controlfield>
  <controlfield tag="008">231018s2023    mx a|||fom||| 001 0 spa d</controlfield>
  <datafield tag="040" ind1=" " ind2=" ">
    <subfield code="e">rda</subfield>
  </datafield>
  <datafield tag="100" ind1="1" ind2=" ">
    <subfield code="9">188154</subfield>
    <subfield code="a">Ruiz Gregorio, Mariam de los Cielos</subfield>
  </datafield>
  <datafield tag="245" ind1="1" ind2="0">
    <subfield code="a">Escenarios agroclim&#xE1;ticos para el cultivo de banano (Musa sp) en la Regi&#xF3;n de Soconusco, Chiapas /</subfield>
    <subfield code="c">por Mariam de los Cielos Ruiz Gregorio; director de tesis Marcial Castillo &#xC1;lvarez; secretario Virginia Emelia Ram&#xF3;n L&#xF3;pez; vocal Berenice Vives Ju&#xE1;rez; suplente Alma Berenice Salaya Curiel; suplente Olga Garc&#xED;a Cruz</subfield>
  </datafield>
  <datafield tag="264" ind1=" " ind2="1">
    <subfield code="a">Tabasco, M&#xE9;xico :</subfield>
    <subfield code="b">El autor,</subfield>
    <subfield code="c">2023.</subfield>
  </datafield>
  <datafield tag="300" ind1=" " ind2=" ">
    <subfield code="a">1 recurso en l&#xED;nea (190 p&#xE1;ginas):</subfield>
    <subfield code="b">figuras, cuadros.</subfield>
  </datafield>
  <datafield tag="336" ind1=" " ind2=" ">
    <subfield code="2">rdacontent</subfield>
    <subfield code="a">texto</subfield>
    <subfield code="b">txt</subfield>
  </datafield>
  <datafield tag="337" ind1=" " ind2=" ">
    <subfield code="2">rdamedia</subfield>
    <subfield code="a">computadora</subfield>
    <subfield code="b">c</subfield>
  </datafield>
  <datafield tag="338" ind1=" " ind2=" ">
    <subfield code="2">rdacarrier</subfield>
    <subfield code="a">recurso en l&#xED;nea</subfield>
    <subfield code="b">cr</subfield>
  </datafield>
  <datafield tag="502" ind1=" " ind2=" ">
    <subfield code="b">IAEZT</subfield>
    <subfield code="c">URUSSE</subfield>
    <subfield code="d">2023.</subfield>
    <subfield code="g">LIC</subfield>
  </datafield>
  <datafield tag="504" ind1=" " ind2=" ">
    <subfield code="a">Incluye referencias bibliogr&#xE1;ficas: p&#xE1;ginas 139-145.</subfield>
  </datafield>
  <datafield tag="520" ind1=" " ind2=" ">
    <subfield code="a">El banano es una fruta tropical de gran importancia econ&#xF3;mica y social debido a su producci&#xF3;n y generaci&#xF3;n de empleo. En M&#xE9;xico, el Soconusco, Chiapas es la regi&#xF3;n l&#xED;der en la producci&#xF3;n de banano, contribuyendo con el 20% de la producci&#xF3;n nacional. Sin embargo, existe la preocupaci&#xF3;n por el posible impacto del cambio clim&#xE1;tico en la adaptabilidad y rendimiento del cultivo en esta regi&#xF3;n. Por lo anterior, este estudio se plante&#xF3; analizar los escenarios clim&#xE1;ticos generados por el CCA-UNAM para M&#xE9;xico de los posibles cambios en la temperatura y precipitaci&#xF3;n. Se calcularon &#xED;ndices agroclim&#xE1;ticos de eficiencia t&#xE9;rmica, el requerimiento de riego y la reducci&#xF3;n del rendimiento en los escenarios clim&#xE1;ticos base y de cambio clim&#xE1;tico utilizando dos Modelos de Circulaci&#xF3;n General de la Atm&#xF3;sfera y dos Forzamientos radiativos. Adem&#xE1;s, se analizaron los cambios en las variables clim&#xE1;ticas y en los &#xED;ndices agroclim&#xE1;ticos en las 54 estaciones meteorol&#xF3;gicas de la regi&#xF3;n, utilizando t&#xE9;cnicas de an&#xE1;lisis multivariado de conglomerados. Los resultados muestran que se puede discriminar entre la zona baja productora de banano (Planicie Costera de Pac&#xED;fico) y la zona de sierra o no productora de banano (Sierra Madre de Chiapas). Ambas zonas obtienen un incremento de 1.5 &#xB0;C en la temperatura, tanto en la m&#xE1;xima como en la m&#xED;nima, mientras que la precipitaci&#xF3;n se mantendr&#xE1; estable. En la zona productora de banano, se proyecta una probable disminuci&#xF3;n del 15% en la eficiencia t&#xE9;rmica durante la estaci&#xF3;n lluviosa, sin cambios significativos en el requerimiento de riego ni en la de reducci&#xF3;n del rendimiento. En conclusi&#xF3;n, aunque el cultivo de banano se encuentra en condiciones t&#xE9;rmicas adecuadas, se espera una disminuci&#xF3;n significativa en la eficiencia t&#xE9;rmica, lo que probablemente afectar&#xE1; la adaptabilidad y el rendimiento del cultivo. Adem&#xE1;s, a pesar de que no se prev&#xE9; un aumento significativo en el requerimiento de riego en los escenarios clim&#xE1;ticos proyectados, la regi&#xF3;n ya presenta altos requerimientos de riego, lo cual se muestra en t&#xE9;rminos de hasta un 55% en el &#xED;ndice de reducci&#xF3;n del rendimiento. Por lo tanto, se recomiendan medidas de adaptaci&#xF3;n y mitigaci&#xF3;n para garantizar la viabilidad del cultivo de banano en la regi&#xF3;n, incluso en el escenario clim&#xE1;tico actual.</subfield>
  </datafield>
  <datafield tag="650" ind1=" " ind2="4">
    <subfield code="9">89227</subfield>
    <subfield code="a">Pl&#xE1;tano</subfield>
    <subfield code="x">Efecto del clima</subfield>
  </datafield>
  <datafield tag="650" ind1=" " ind2="4">
    <subfield code="9">89265</subfield>
    <subfield code="a">Pl&#xE1;tano</subfield>
    <subfield code="x">Rendimiento</subfield>
  </datafield>
  <datafield tag="650" ind1=" " ind2="4">
    <subfield code="9">147854</subfield>
    <subfield code="a">Platano</subfield>
    <subfield code="x">Cultivo</subfield>
  </datafield>
  <datafield tag="700" ind1="1" ind2=" ">
    <subfield code="9">20077</subfield>
    <subfield code="a">Castillo Alvarez, Marcial</subfield>
    <subfield code="e">Director de tesis.</subfield>
  </datafield>
  <datafield tag="700" ind1="1" ind2=" ">
    <subfield code="a">Ram&#xF3;n L&#xF3;pez, Virginia Emelia</subfield>
    <subfield code="9">94379</subfield>
    <subfield code="e">Secretario</subfield>
  </datafield>
  <datafield tag="700" ind1="1" ind2=" ">
    <subfield code="a">Vives Ju&#xE1;rez, Berenice</subfield>
    <subfield code="9">135873</subfield>
    <subfield code="e">Vocal</subfield>
  </datafield>
  <datafield tag="700" ind1="1" ind2=" ">
    <subfield code="a">Salaya Curiel, Alma Berenice</subfield>
    <subfield code="9">126812</subfield>
    <subfield code="e">Suplente</subfield>
  </datafield>
  <datafield tag="700" ind1="1" ind2=" ">
    <subfield code="a">Garc&#xED;a Cruz, Olga</subfield>
    <subfield code="9">189548</subfield>
    <subfield code="e">Suplente</subfield>
  </datafield>
  <datafield tag="856" ind1=" " ind2=" ">
    <subfield code="u">http://10.13.5.2/tesis/tl/1712378-4_RUIZ_GREGORIO_MIRIAMDELOSCIELOS.pdf</subfield>
    <subfield code="z">DESCARGAR PDF</subfield>
  </datafield>
  <datafield tag="942" ind1=" " ind2=" ">
    <subfield code="2">Clasificaci&#xF3;n Universidad Aut&#xF3;noma Chapingo</subfield>
  </datafield>
  <datafield tag="999" ind1=" " ind2=" ">
    <subfield code="c">219285</subfield>
    <subfield code="d">219285</subfield>
  </datafield>
  <datafield tag="952" ind1=" " ind2=" ">
    <subfield code="0">0</subfield>
    <subfield code="1">0</subfield>
    <subfield code="2">local</subfield>
    <subfield code="4">0</subfield>
    <subfield code="5">1</subfield>
    <subfield code="7">0</subfield>
    <subfield code="8">TesDigL</subfield>
    <subfield code="a">BD</subfield>
    <subfield code="b">BD</subfield>
    <subfield code="c">E_L</subfield>
    <subfield code="d">2023-10-18</subfield>
    <subfield code="l">0</subfield>
    <subfield code="o">Tesis digital</subfield>
    <subfield code="r">2023-10-18 00:00:00</subfield>
    <subfield code="w">2023-10-18</subfield>
    <subfield code="y">TD</subfield>
  </datafield>
</record>
